000 00446nam a2200181Ia 4500
001 16549
005 20260306170317.0
008 260306t2009||||xx |||||||||||||| ||und||
041 _aESP
082 _a348.6J
_bT77
100 _aToyama Miyagusuku, Jorge
_eAUT
245 0 _aJurisprudencia sobre inspecciones laborales
260 _c2009
300 _a519 páginas :
_c24 cm.
650 _aGEN
654 _aCDE
942 _cLIB
_dJUS
_fJUS
_2ddc
_n
999 _c16549
_d16549